Phòng trào đấu tranh đô thị thời quật khởi (1954 - 1975)

Giới thiệu các bài viết của các tác giả là nhà cách mạng, nhà trí thức về phong trào đấu tranh của thanh niên, tổ chức, nhân dân, chân dung phong trào đấu tranh đô thị trước năm 1975.

Αποθηκεύτηκε σε:
Λεπτομέρειες βιβλιογραφικής εγγραφής
Κύριος συγγραφέας: Lê, Công Cơ
Μορφή: Βιβλίο
Γλώσσα:Undetermined
Έκδοση: Hà Nội Hội Nhà văn 2015
Θέματα:
Ετικέτες: Προσθήκη ετικέτας
Δεν υπάρχουν, Καταχωρήστε ετικέτα πρώτοι!
Thư viện lưu trữ: Trung tâm Học liệu Trường Đại học Cần Thơ
LEADER 00917nam a2200205Ia 4500
001 CTU_233406
008 210402s9999 xx 000 0 und d
020 |c 360000 
082 |a 324.2597075 
082 |b C460 
100 |a Lê, Công Cơ 
245 0 |a Phòng trào đấu tranh đô thị thời quật khởi (1954 - 1975) 
245 0 |c Lê Công Cơ (chủ biên) 
260 |a Hà Nội 
260 |b Hội Nhà văn 
260 |c 2015 
520 |a Giới thiệu các bài viết của các tác giả là nhà cách mạng, nhà trí thức về phong trào đấu tranh của thanh niên, tổ chức, nhân dân, chân dung phong trào đấu tranh đô thị trước năm 1975. 
650 |a Thanh niên và Xã hội Chủ nghĩa,Socialism and youth 
910 |b dqhieu 
980 |a Trung tâm Học liệu Trường Đại học Cần Thơ